000 01601nam a2200469 a 4500
001 000015307
003 DO-SdBNP
005 20171004105111.0
008 100205s2001 dr a 000 0 spa d
020 _a9993400076
040 _aBPMSU
_bspa
_cBPMSU
049 _a
082 4 _aR320.729303
_bG377d
092 _a
_b
100 1 _aGerón, Cándido,
_d1950 -
245 1 0 _aDiccionario político dominicano :
_b(1821-2000) /
_cCandido Gerón ; edición Diógenes Céspedes...[et al].
260 _aSanto Domingo :
_bEditora de Colores,
_c2001.
300 _a696 p. :
_bil., retrs. ;
_c31 cm.
500 _aIncluye datos biográficos del autor en la solapa de la cubierta
504 _aBibliogrfía: p. 657-658 e índice
650 4 _aPOLÍTICOS
_zREPÚBLICA DOMINICANA
_xDICCIONARIOS
_xESPAÑOL
650 4 _aPOLÍTICOS
_zREPÚBLICA DOMINICANA
_xDICCIONARIOS
_xESPAÑOL
651 4 _aREPÚBLICA DOMINICANA
_xPOLÍTICA Y GOBIERNO
_xDICCIONARIOS
_xESPAÑOL
700 _aCéspedes, Diógenes,
_eedición
910 _aValidado. Control de calidad BNPHU
930 1 _l
_m
_h
_8
_f
_p
_g
_h
930 1 _l
_m
_h
_8
_f
_p
_g
_h
930 1 _l
_m
_h
_8
_f
_p
_g
_h
930 1 _l
_m
_h
_8
_f
_p
_g
930 1 _l
_m
_h
_8
_f
_p
_g
_h
942 _2ddc
_cBK
945 _aInventario /2017 VM
956 _a
_b
_c
_l
_h
956 _a
_b
_c
_l
_h
956 _a
_b
_c
_l
_h
956 _a
_b
_c
_l
_h
956 _a
_b
_c
_l
_h
956 _a
_b
_c
_l
_h
956 _a
_b
_c
_l
_h
956 _a
_b
_c
_l
_h
956 _a VMATEO
_b 20170519
_c BPMSU
_l 0069
_h
999 _c12568
_d12568